| 000 | 01118cam a22003257a 4500 | ||
|---|---|---|---|
| 003 | CHAP | ||
| 005 | 20220329142500.0 | ||
| 008 | 010605d fr r 00110 eng d | ||
| 010 | _a84098 | ||
| 011 | _a85070 | ||
| 035 | _a95600 | ||
| 040 | _cCHAP | ||
| 090 | _aFolleto 16284 | ||
| 100 | 0 | 0 |
_aMessner, Dirk _975138 |
| 245 | 1 | 3 |
_aLa globalización y el futuro de la política : _bobservación desde una perspectiva europea _c/por Dirk Messner |
| 260 |
_aMéxico, D.F. : _bCentro de Estudios para la Reforma del Estado, _c1997. |
||
| 300 | _a38 p. | ||
| 590 |
_aBATCH-UPD _b10 _c20130110 _lUCH01 _h0745 |
||
| 590 |
_aBATCH-UPD _b10 _c20130410 _lUCH01 _h0426 |
||
| 590 |
_aBATCH-UPD _b10 _c20130914 _lUCH01 _h1545 |
||
| 590 |
_aCONVERSION _b10 _c20130109 _lUCH01 _h1347 |
||
| 650 | 0 | 4 |
_aGlobalización. _948300 |
| 650 | 0 | 4 |
_aPolítica mundial. _990682 |
| 710 | 0 | 0 |
_aFundación Friedrich Ebert. México. _943984 |
| 901 | _aBK | ||
| 905 | _aAlejandra Carrasco M. | ||
| 942 | _cFOLL | ||
| 949 |
_aFolleto 16284 _bBC _cFOLL _d956001 _eTS1 _i95600 _sb |
||
| 949 |
_aFolleto 16284 _bBC _cFOLL _d956002 _eTS2 _fc.2 _i95600 _mFotocopia _si |
||
| 999 |
_c84098 _d84098 |
||